Statystyki dla Polska - Gruzja 13.06.2015

Kliknij tutaj aby rozwiązać quiz!

Ogólne statystyki

  • Ten quiz został rozwiązany 52 razy
  • Średni wynik to 12 z 14

Statystyki odpowiedzi

PozycjaKlubOdpowiedź% Poprawnych
BramkarzSwansea CityŁukasz Fabiański
100%
ObrońcaBorussia DortmundŁukasz Piszczek
100%
NapastnikAjax AmsterdamArkadiusz Milik
98%
PomocnikSevillaGrzegorz Krychowiak
98%
Skrzydłowy (zmiennik)Borussia DortmundJakub Błaszczykowski
98%
NapastnikBayern MonachiumRobert Lewandowski
98%
SkrzydłowyStade RennaisKamil Grosicki
96%
ObrońcaTerek GroznyMaciej Rybus
90%
ObrońcaJagiellonia BiałystokMichał Pazdan
80%
PomocnikGuizhou RenheKrzysztof Mączyński
72%
Skrzydłowy1. FC KölnSławomir Peszko
72%
ObrońcaAl-IttihadŁukasz Szukała
70%
Pomocnik (zmiennik)Legia WarszawaTomasz Jodłowiec
60%
Obrońca (zmiennik)Terek GroznyMarcin Komorowski
18%

Rozkład punktacji

Percentyl według liczby udzielonych odpowiedzi

Procent ludzi z każdym wynikiem

Twoja historia wyników

Nie rozwiązałeś tego quizu